| 000 | 01300cam a2200337 a 4500 | ||
|---|---|---|---|
| 001 | 15519584 | ||
| 005 | 20170105102348.0 | ||
| 008 | 081112s2009 flua b 001 0 eng | ||
| 010 | _a 2008048128 | ||
| 015 |
_aGBA910375 _2bnb |
||
| 016 | 7 |
_a014894650 _2Uk |
|
| 020 | _a9781420058918 | ||
| 020 | _a1420058916 | ||
| 035 | _a(OCoLC)ocn148842752 | ||
| 040 |
_aDLC _cDLC _dBTCTA _dBAKER _dUKM _dYDXCP _dC#P _dBWX _dDLC |
||
| 082 | 0 | 0 |
_a621.395 _222 |
| 245 | 0 | 4 |
_aThe circuits and filters handbook: Analog and VLSI circuits _pAnalog and VLSI circuits _cWai-Kai Chen |
| 246 | 3 | 0 | _aAnalog and VLSI circuits |
| 250 | _a3rd ed. | ||
| 260 |
_aBoca Raton : _bCRC Press, _cc2009. |
||
| 300 |
_a1 v. (various pagings) : _bill. ; _c27 cm. |
||
| 504 | _aIncludes bibliographical references and index. | ||
| 650 | 0 | _aLinear integrated circuits. | |
| 650 | 0 |
_aIntegrated circuits _xVery large scale integration. |
|
| 650 | 0 | _aElectronic circuits. | |
| 700 | 1 |
_aChen, Wai-Kai, _d1936- |
|
| 856 | 4 | 2 |
_3Publisher description _uhttp://www.loc.gov/catdir/enhancements/fy0904/2008048128-d.html |
| 906 |
_a7 _bcbc _corignew _d1 _eecip _f20 _gy-gencatlg |
||
| 942 |
_2ddc _cBK |
||
| 999 |
_c11781 _d11781 |
||